| 000 | 01642nam a2200385Ia 4500 | ||
|---|---|---|---|
| 001 | ebr10278668 | ||
| 003 | CaPaEBR | ||
| 006 | m u | ||
| 007 | cr cn||||||||| | ||
| 008 | 960702s1997 nyu sb 001 0 eng d | ||
| 010 | _z 96021159 | ||
| 020 | _z0195103742 | ||
| 020 | _z9780195103748 | ||
| 040 |
_aCaPaEBR _cCaPaEBR |
||
| 035 | _a(OCoLC)44959492 | ||
| 050 | 1 | 4 |
_aBL65.S8 _bE84 1997eb |
| 082 | 0 | 4 |
_a322/.1/09 _220 |
| 100 | 1 | _aEverett, William Johnson. | |
| 245 | 1 | 0 |
_aReligion, federalism, and the struggle for public life _h[electronic resource] : _bcases from Germany, India, and America / _cWilliam Johnson Everett. |
| 260 |
_aNew York : _bOxford University Press, _cc1997. |
||
| 300 | _axiv, 206 p. | ||
| 504 | _aIncludes bibliographical references (p. 171-196) and index. | ||
| 533 |
_aElectronic reproduction. _bPalo Alto, Calif. : _cebrary, _d2009. _nAvailable via World Wide Web. _nAccess may be limited to ebrary affiliated libraries. |
||
| 650 | 0 |
_aFederal government _xReligious aspects _vCase studies. |
|
| 650 | 0 |
_aReligion and state _zGermany _xHistory _y20th century. |
|
| 650 | 0 |
_aReligion and state _zIndia _xHistory _y20th century. |
|
| 650 | 0 |
_aReligion and state _zUnited States. |
|
| 651 | 0 |
_aGermany _xPolitics and government _y1945-1990. |
|
| 651 | 0 |
_aGermany _xReligion _y20th century. |
|
| 651 | 0 |
_aIndia _xPolitics and government _y1947- |
|
| 651 | 0 |
_aUnited States _xPolitics and government. |
|
| 655 | 7 |
_aElectronic books. _2local |
|
| 710 | 2 | _aebrary, Inc. | |
| 856 | 4 | 0 |
_uhttp://site.ebrary.com/lib/rucke/Doc?id=10278668 _zAn electronic book accessible through the World Wide Web; click to view |
| 999 |
_c4313 _d4313 |
||